LEADER 01092nam a2200241 a 4500 001 000000011424 003 CaOOAMICUS 005 20130718134412.0 008 940712s1906 it u000 u ita r 035 $a10280779 040 $aPUL(R)$bita 100 1 $aCiolfi, Ettore.$0(OLS)http://pul/name/11013 245 12$aI demani popolari e le leggi agrarie :$bcon una lettera dell'on. avv. Salvatore Barzilai /$cavv. Ettore Ciolfi. 260 $aRoma :$bTip. dell'Unione coop. editrice,$c1906. 300 $a[1], 108, [1] p. ;$c21 cm 504 $aBibliografia a piè pagina. 650 4$aDiritto agrario$zItalia.$0(OLS)http://pul/subject/8740 850 $aPUL 852 $aPUL$W1$xDP2 Diritto e Scienze Sociali 1$y65$m176 H 19$j16178$nBK-PRI$qStampati$B16178$CPULBib$Z2$F16178 $82 941 1 $a8 961 $aEx libris: Evaristi Carusi.Timbri: Biblioteca Carusi. 996 $6245$aI demani popolari e le leggi agrarie :$bcon una lettera dell'on. avv. Salvatore Barzilai$9(OLS)http://pul/title/16563 996 $6260$aRoma :$bTip. dell'Unione coop. editrice$9(OLS)http://pul/publisher/53274 LEADER 01574nam a2200337 u 4500 001 000000047687 003 CaOOAMICUS 005 20070226114919.0 008 000113s1999 it u000 u por u 035 $a10838829 040 $aIPA$bita$dPUL(R) 100 1 $aCosta Graça, Manuel Alberto N.$0(OLS)http://pul/name/34653 245 12$aA liberdade divina nos Padres apostólicos e apologistas gregos (séc. II) /$cManuel Alberto N. Costa Graça. 260 $aRomae :$b[s.n.],$c1999. 300 $aix, 403 p. ;$c24 cm 502 $aDiss. -- Pontificia Università della Santa Croce. 504 $aBibliografia: p. 375-403. 650 4$aDio$xAttributi.$0(OLS)http://pul/subject/13199 650 4$aPadri apostolici.$0(OLS)http://pul/subject/4455 650 4$aApologisti greci.$0(OLS)http://pul/subject/5892 710 2 $aPontificia Università della Santa Croce.$0(OLS)http://pul/name/34654 850 $aPUL 852 $aPUL$W1$xDP1 Tesi Pon. Univ. S. Croce$y43$mTH S.CRUC 179$j63682$nBK-PRI$b $qTesi$B63682$CPULBib$Z2$F63682 $H $81 910 $aCentro Accademico Romano della Santa Croce.$kTesi$934654 910 $aCentro Accademico Romano della Santa Croce.$kTesi$934654 910 $aAteneo Romano della Santa Croce.$kTesi$934654 910 $aAteneo Romano della Santa Croce.$kTesi$934654 941 1 $a16 961 $aINV: 83954 996 $6245$aA liberdade divina nos Padres apostólicos e apologistas gregos (séc. II)$9(OLS)http://pul/title/64212 996 $6260$aRomae :$b[s.n.]$9(OLS)http://pul/publisher/48223